000 00445cam a2200181ua 4500
001 2555
008 110912n ii |||gr||||Z||||||asm
040 _cMAIN
082 _a491.451
100 _aGoswami, Upendranath.,
_eAuthor.
245 1 1 _aBhasha, samaj, sahitya
_cby Upendranath Goswami
250 _a1st ed.
260 _aGauhati:
_bMani-manik prakashan,978.
300 _a162p.
653 _aLinguistics
653 _aBhasha
942 _cBK
999 _c2408
_d2408